00789nam a2200265Ia 4500008004100000020001500041050001000056050001400066100001600080245004200096245004600138260001800184260001100202260000900213300001600222300002000238300001000258650002900268650002800297650002900325700002900354700001100383999001900394952011000413171120s9999 xx 000 0 und d a9712717062 a152.4 bP438 2006 aPerez, Tony aMalagim ang gabi sa Sitio Catacutan / cby Tony Perez and Susie Baclagon Borrero. aPhilippines : bAnvil, c2006 a102 pages : billustrations ; c21cm. aGhost stories, Filipino. aHorror tales, Filipino. aShort stories, Filipino. aBorrero, Susie Baclagon. aTitle. c345241d345241 001040aSSISMbSSISMd2017-11-20l0oFIL 152.4 P438 2006pSSISM4285r2017-11-20 00:00:00w2017-11-20yBK